| 000 | 00939cam a22001815a 4500 | ||
|---|---|---|---|
| 001 | L155618 | ||
| 008 | 120329s1777 xxk f 000 0 eng d | ||
| 035 | _a(Sirsi) u155618 | ||
| 041 | 0 | _aeng | |
| 100 | 1 |
_aClarke, Cuthbert _dfl. 1777 |
|
| 245 | 0 | 4 |
_aThe true theory and practice of husbandry _bdeduced from philosophical researches, and experience. To which is annexed, (illustrated with copper-plates) a compendium of mechanics: calculated to assist the husbandman in the choice and construction of every implement peculiar to his business: and others particularly useful in a commercial country. By Cuthbert Clarke |
| 260 |
_aLondon _bprinted for the author; and sold by G. Robinson, in Paternoster-Row; and T. Slack, in Newcastle _cMDCCLXXVII. [1777] |
||
| 300 |
_axii, 363, [1] p., plates _c4o |
||
| 583 |
_aCondition reviewed _c20120620 _lcondition level 2 |
||
| 651 | 4 |
_aGreat Britain _y1707- |
|
| 690 |
_aRural _96268 |
||
| 942 | _n0 | ||
| 999 |
_c113702 _d113702 |
||